=LDR 00000nam 2200000 4500 =001 INLIS000000000063739 =005 20240709084705 =035 ##$$a 0010-0724000036 =007 ta =008 240709################g##########0#ind## =020 ##$$a 978-602-1350-19-5 =082 ##$$a 242.742 =084 ##$$a 242.742 mar r =100 #$$a Marian Centre Indonesia =245 1#$$a Rosario : $b Ajakan dan Tuntunan Bunda Menuju Yesus /$c Marian Centre Indonesia =250 ##$$a Cet 1 =260 ##$$a Jakarta :$b Marian Centre Indonesia,$c 2018 =300 ##$$a xvi, 176 halaman ; $c 19,9 cm =650 #4$$a Doa Pada Bunda Maria =700 #$$a Metodius Wilhelmus Sola (editor) =990 ##$$a 12691269